| 000 | 00401nam a2200145Ia 4500 | ||
|---|---|---|---|
| 005 | 20251222144706.0 | ||
| 008 | 251222s9999||||xx |||||||||||||| ||spa|| | ||
| 020 | _a978-612-4049-44-6 | ||
| 082 | _a340.54/F74 | ||
| 100 | _aFonseca Tapia, César | ||
| 245 | 0 | _aManual de Derecho Romano (Comparación con el Código Civil, Aforismos y Problemas) | |
| 250 | _a3a.ed. | ||
| 264 | _bAdrus | ||
| 942 | _cLIB | ||
| 999 |
_c17656 _d17656 |
||